[Event "Belgrade City-chT"]
[Site "Belgrade"]
[Date "2013.11.13"]
[Round "9"]
[White "Adamovic, Strahinja"]
[Black "Poleksic, Petar"]
[Result "1/2-1/2"]
[WhiteElo "2031"]
[BlackElo "1723"]
[PlyCount "43"]
[EventDate "2013.10.26"]
[EventType "team-tourn"]
[EventRounds "11"]
[EventCountry "SRB"]
[SourceTitle "EXT 2015"]
[Source "ChessBase"]
[SourceDate "2014.11.20"]
[SourceVersion "1"]
[SourceVersionDate "2014.11.20"]
[SourceQuality "1"]

1. e4 e5 2. Nf3 Nc6 3. Bb5 Nd4 4. Bc4 Nxf3+ 5. Qxf3 Qf6 6. Qxf6 Nxf6 7. Nc3 Bc5 8. d3 h6 9. Nb5 Bb6 10. Be3 Ba5+ 11. Bd2 Bb6 12. Be3 Ba5+ 13. Ke2 a6 14. Na3 Ng4 15. Bd2 Bxd2 16. Kxd2 0-0 17. f3 Nf6 18. Bb3 d6 19. Nc4 Be6 20. Ne3 Rad8 21. Rae1 Rfe8 22. Re2 1/2-1/2